[Event "Balaguer op 17th"]
[Site "Balaguer"]
[Date "2012.06.21"]
[Round "6"]
[White "Casas Torres, Pau"]
[Black "Aryan, Chopra"]
[Result "0-1"]
[WhiteElo "1611"]
[BlackElo "1985"]
[PlyCount "90"]
[EventDate "2012.06.16"]
[EventType "swiss"]
[EventRounds "9"]
[EventCountry "ESP"]
[SourceTitle "EXT 2013"]
[Source "ChessBase"]
[SourceDate "2012.11.22"]
[SourceVersion "1"]
[SourceVersionDate "2012.11.22"]
[SourceQuality "1"]

1. e4 c5 2. Nf3 d6 3. g3 Nc6 4. Nc3 Nf6 5. Bg2 g6 6. 0-0 Bg7 7. d3 0-0 8. Ne2 d5 9. exd5 Nxd5 10. d4 cxd4 11. Nfxd4 Nxd4 12. Nxd4 Nb6 13. Nb3 Qc7 14. c3 Bd7 15. Re1 Bb5 16. Be3 Rfd8 17. Qc2 e5 18. Rad1 Bc6 19. Bf1 Nd5 20. Bc1 Ne7 21. Bd3 b6 22. Nd2 f5 23. Bc4+ Kh8 24. Nf1 b5 25. Bb3 Qb7 26. f4 e4 27. Be3 Bd5 28. h3 Rac8 29. Bxd5 Nxd5 30. Bd4 Nb4 31. Qf2 Bxd4 32. Rxd4 Nd3 33. Rxd8+ Rxd8 34. Rd1 Nxf2 35. Rxd8+ Kg7 36. Kxf2 Qb6+ 37. Rd4 b4 38. Ke1 bxc3 39. Rd7+ Kf6 40. bxc3 Qb1+ 41. Rd1 Qxa2 42. Rd6+ Ke7 43. Rd1 Qc2 44. Rd2 Qxc3 45. Ne3 Qxe3+ 0-1

[Event "Balaguer op 16th "]
[Site "Balaguer"]
[Date "2011.07.24"]
[Round "8"]
[White "Casas Torres, Pau"]
[Black "Puig Carres, Josep"]
[Result "0-1"]
[WhiteElo "1603"]
[BlackElo "1838"]
[PlyCount "72"]
[EventDate "2011.07.17"]
[EventType "swiss"]
[EventRounds "9"]
[EventCountry "ESP"]
[SourceTitle "CBM 143 Extra"]
[Source "ChessBase"]
[SourceDate "2011.08.29"]
[SourceVersion "1"]
[SourceVersionDate "2011.08.29"]
[SourceQuality "1"]

1. e4 e6 2. d4 d5 3. exd5 exd5 4. Nf3 Nf6 5. Qe2+ Be7 6. Nc3 0-0 7. Be3 Re8 8. h3 Nc6 9. 0-0-0 Bb4 10. g4 Bxc3 11. bxc3 Ne4 12. Qe1 Qd6 13. Kb2 a6 14. Bd3 Na5 15. g5 b5 16. Ne5 Nc4+ 17. Nxc4 bxc4 18. Bxe4 Rxe4 19. Qd2 Bf5 20. h4 Ree8 21. Bf4 Qc6 22. Rb1 Bg4 23. Rhe1 Be6 24. Be5 Rab8+ 25. Ka1 Rb5 26. h5 Reb8 27. f4 Bf5 28. h6 g6 29. Bg7 Be4 30. Rg1 Ra8 31. Rge1 Ra5 32. Rb2 Rb5 33. Rbb1 Rab8 34. Rg1 Qb6 35. Qc1 Qa5 36. Qd2 Qxa2+ 0-1

[Event "Lleida-ch U16"]
[Site "Lleida"]
[Date "2011.??.??"]
[Round "5.1"]
[White "Perez Cabas, Jose"]
[Black "Casas Torres, Pau"]
[Result "1-0"]
[WhiteElo "1915"]
[BlackElo "1585"]
[PlyCount "53"]
[EventDate "2011.01.15"]
[EventType "tourn"]
[EventRounds "6"]
[EventCountry "ESP"]
[SourceTitle "EXT 2024"]
[Source "ChessBase"]
[SourceDate "2023.10.10"]
[SourceVersion "1"]
[SourceVersionDate "2023.10.10"]
[SourceQuality "1"]

1. e4 d5 2. exd5 Qxd5 3. Nf3 Qd6 4. d4 Nf6 5. Be2 Bg4 6. 0-0 e6 7. c4 c6 8. Nc3 Be7 9. Be3 0-0 10. h3 Bh5 11. Ne5 Bxe2 12. Qxe2 Qd8 13. Rad1 Nbd7 14. Bg5 Ne8 15. Bxe7 Qxe7 16. f4 Nd6 17. d5 Nxe5 18. fxe5 Nc8 19. d6 Qd7 20. Ne4 b6 21. Qg4 Kh8 22. Ng5 Kg8 23. Rf3 f5 24. exf6 Rxf6 25. Rxf6 gxf6 26. Nxe6+ Kh8 27. Qf5 1-0